000 01852cam a2200169 4500500
005 20251228095227.0
041 _afre
042 _adc
100 1 0 _aMalabou, Catherine
_eauthor
245 0 0 _aLa plasticité en souffrance
260 _c2005.
500 _a75
520 _aRésuméÀ partir de l’étude du concept de plasticité, découvert dans la pensée de Hegel et qui signifie à la fois la réception et la prise de forme, on tente de caractériser ici le gothique comme la « forme » du siècle. Par forme, il faut entendre ici « ce qui donne forme au siècle », comme une sorte de moule symbolique et conceptuel, mais aussi comme « ce que le siècle forme » : l’esprit du temps si l’on veut, son outil herméneutique privilégié, son schème moteur. On se demande également, à partir de là, ce que signifie une telle forme lorsqu’elle demande à être reconnue, appréhendée comme motif historique directeur d’un temps et d’une culture donnés.
520 _aFrom the study of the concept of plasticity, discovered in Hegel’s works and which means both the reception and the taking of form, the author tries here to characterize the gothic as the « form » of the century. By form, one must understand « what gives form to the century », as a sort of symbolic and conceptual mould, as well as « what the century forms » : in other words the spirit of the time, its favourite hermeneutic tool, the mainspring of its design. One also wonders what such a form signifies when it wants to be recognized, understood as a historical pattern, driving force of a certain time and culture.
786 0 _nSociétés & Représentations | 20 | 2 | 2005-09-01 | p. 31-39 | 1262-2966
856 4 1 _uhttps://shs.cairn.info/revue-societes-et-representations-2005-2-page-31?lang=fr&redirect-ssocas=7080
999 _c1605912
_d1605912